000 00855nam a22002532 4500
001 10777
003 BD-RjUL
005 20211208235020.0
008 140125s1965 ne 001 0 eng c
035 _a(BD-RjUL)10826
040 _aDLC/ICU
_cCGU
_dBD-RjUL
_beng
041 _aeng
082 0 0 _a549.1
_bJOI 1965
100 1 _aJones, Meurig P.
_933332
245 1 0 _aIdentification of mineral grains :
_ba systematic approach to the determination of minerals for mineral processing engineers and students /
_cby Meurig P. Jones and Marston G. Fleming.
260 _aAmsterdam ;
_aNew York :
_bElsevier Pub. Co.,
_c1965.
300 _a102 p. :
_c23 cm.
_bill. ;
504 _aIncludes index.
650 0 _aMineralogy, Determinative.
_933333
700 1 _aFleming, Marston G.
_933334
942 _2ddc
_cBK
999 _c10777
_d10777